Statistics for European Countries with the Fewest Borders

Click here to take the quiz!

General Stats

  • This quiz has been taken 58,930 times
    (58,779 since last reset)
  • The average score is 8 of 9

Answer Stats

Country% Correct
Ireland
94%
Portugal
94%
United Kingdom
94%
Iceland
93%
Malta
92%
Vatican City
87%
Denmark
86%
San Marino
84%
Monaco
78%

Score Distribution

Percentile by Number Answered

Percent of People with Each Score

Your Score History

You have not taken this quiz since the last reset